000
00386nam a2200133Ia 4500
008
151001s9999||||xx |||||||||||||| ||und||
100
_a
प्रभा नारायण
245
_a
चूँ चूँ कि परदेस यात्रा
250
_a
1
260
_b
साक्षर प्रकाशन
260
_c
2007
300
_a
56
365
_b
28
999
_c
989547
_d
989544